List of Schools (U-Belt Edition) - Statistics

General Stats
  • This quiz has been taken 8 times
  • The average score is 10 of 37
Answer Stats
Hint Founded Answer % Correct
Sampaloc 1928 Far Eastern University
80%
Sampaloc 1992 Far Eastern University Institute of Technology
80%
Sampaloc 1900 National University
80%
Sampaloc 1611 University of Santo Tomas
80%
San Miguel 1907 Centro Escolar University
60%
Santa Mesa 1904 Polytechnic University of the Philippines
60%
Sampaloc 1946 University of the East
60%
San Miguel 1902 La Consolacion College Manila
40%
Quiapo 1928 National Teachers College
40%
Sampaloc 1968 PHINMA Saint Jude College
40%
San Miguel 1901 San Beda University
40%
Quiapo 1941 San Sebastian College – Recoletos
40%
Santa Mesa 1947 STI NAMEI
40%
Quiapo 1962 Technological Institute of the Philippines
40%
Sampaloc 1913 University of Manila
40%
Sampaloc 1938 Arellano University
20%
Santa Cruz 1946 FEATI University
20%
Santa Cruz 1899 Manila Law College
20%
Sampaloc 1913 Mary Chiles Collegex`
20%
Santa Cruz 1950 Philippine Merchant Marine School
20%
Santa Cruz 1948 PMI Colleges
20%
Quiapo 1907 Saint Rita College
20%
Santa Cruz 1921 Chinese General Hospital Colleges
0%
San Miguel 1913 College of the Holy Spirit Manila
0%
Santa Mesa 1913 De Ocampo Memorial College
0%
Santa Mesa 1945 Eulogio Amang Rodriguez Institute of Science and Technology
0%
Quiapo 1947 Guzman College of Science and Technology
0%
Santa Cruz 2000 Manila Business College
0%
Quiapo 1947 Manuel L. Quezon University
0%
Santa Cruz 1976 Metropolitan Hospital College of Nursing
0%
Santa Cruz 1954 Philippine College of Criminology
0%
Sampaloc 1993 Philippine College of Health Sciences
0%
Sampaloc 1963 Philippine School of Business Administration
0%
Sampaloc 1985 Philsin College Foundation
0%
Sampaloc 1706 Santa Catalina College
0%
Santa Mesa 1976 Unciano Colleges
0%
Sampaloc 1968 University of Perpetual Help System Manila
0%
No matching quizzes found
Score Distribution
Percent of People with Each Score
Percentile by Number Answered
Your Score History
You have not taken this quiz